000 003330000a22000970004500
100 1 _aWahl, Harald-Martin
245 1 0 _aNoah, Daniel und hiob in Ezechiel 14:12-20 (21-3) : Anmerkungen zum traditionsgeschichtlichen hintergrund
300 _aVol. 42, Num. 4 (Octubre, 1992), Páginas 542-553
773 0 _tVetus Testamentum
942 _cANA
999 _c57759
_d57759